000 02070cgm a2200541 a 4500
003 NvRPMS
005 20241220103333.0
007 vd|cgaizq
008 010823p20001999cau112 g vleng d
001 pms00269394
020 _a0788823337
024 1 _a717951010117
028 4 2 _a20452
028 4 2 _bWalt Disney Home Video
035 _a(Sirsi) i9780788823336
040 _cXX-XxUND
043 _an-us---
049 _aUUP4
099 _aDVD 791.43 S8965
082 _a791.437
092 _a791.437
245 0 4 _aThe straight story
_h[videorecording] /
_cWalt Disney Pictures ; produced by Mary Sweeney, Neal Edelsten ; written by John Roach, Mary Sweeney ; directed by David Lynch.
250 _aWidescreen ed.
260 _aBurbank, CA :
_bWalt Disney Home Video :
_bDistributed by Buena Vista Home Video,
_c[c2000]
300 _a1 videodisc (112 min.) :
_bsd., col. ;
_c4 3/4 in.
508 _aDirector of photography, Freddie Francis; production design, Jack Fisk; editor, Mary Sweeney; music, Angelo Badalamenti.
511 1 _aRichard Farnsworth, Sissy Spacek, Harry Dean Stanton.
520 _aThe story of Alvin Straight who wants to make amends with his estranged brother who has suffered a debilitating stroke. He sets out on a 260-mile journey from Iowa to Wisconsin, on a John Deere lawnmower to reach his brother.
521 8 _aNot rated.
538 _aDVD, Dolby digital.
540 _aFor private home use only.
546 _aClosed-captioned.
650 0 _aBrothers
_vDrama.
_95708957
650 0 _aClosed captioned.
_95676203
655 0 _aFeature films.
_96089965
700 1 _aRoach, John.
_948895
700 1 _aSweeney, Mary.
_913970
700 1 _aLynch, David.
_921362
700 1 _aFarnsworth, Richard.
_945233
700 1 _aSpacek, Sissy.
_913512
700 1 _aStanton, Harry Dean,
_d1926-
_923751
700 1 _aBadalamenti, Angelo.
_937484
710 2 _aWalt Disney Home Video (Firm)
_961249
710 2 _aBuena Vista Home Video (Firm)
_961023
942 _cDVD
_0174
979 _a268204
998 _aa9829
999 _c4736
_d4736